| 000 | 01270cam a22003135a 4500 | ||
|---|---|---|---|
| 001 | 016898361 | ||
| 003 | OSt | ||
| 005 | 20160522133051.0 | ||
| 008 | 141014s2014 enka frb 001 0 eng d | ||
| 020 | _a9781138847613 (pbk.) | ||
| 040 |
_aStDuBDS _beng _cStDuBDS _dEG-ScBUE |
||
| 082 | 0 | 4 |
_222 _a303.60947 _bMEM |
| 245 | 0 | 0 |
_aMemory, conflict and new media : _bweb wars in post-socialist states / _cedited by Ellen Rutten, Julie Fedor, Vera Zvereva. |
| 260 |
_aOxfordshire ; _aNew York : _bRoutledge / Taylor & Francis Group, _c2014. |
||
| 300 |
_axv, 265 p. : _bill. ; _c25 cm. |
||
| 490 | _aMedia, war and security. | ||
| 500 | _aIndex : p. [261]-265. | ||
| 504 | _aIncludes bibliographical references. | ||
| 650 | 0 |
_aCollective memory _zFormer communist countries. _2BUEsh |
|
| 650 | 7 |
_aGroup identity _zFormer communist countries. _2BUEsh _940047 |
|
| 650 | 7 |
_aPost-communism _zFormer communist countries. _2BUEsh _940048 |
|
| 650 | 7 |
_aDigital media _zFormer communist countries. _2BUEsh _940049 |
|
| 651 | 7 |
_aFormer communist countries _xPolitics and government. _2BUEsh _940050 |
|
| 653 |
_bBUSADM _cMay2016 |
||
| 700 | 1 |
_aRutten, Ellen, _d1975- _eeditor. |
|
| 700 | 1 |
_aFedor, Julie, _eeditor. |
|
| 700 | 1 |
_aZvereva, V. V. _q(Vera Vladimirovna), _eeditor. |
|
| 942 | _2ddc | ||
| 999 |
_c21792 _d21764 |
||